00826nam a22002657a 45000010005000000030006000050050017000110080041000280200018000690400029000870500013001160820012001291000017001412450047001582500037002052600036002423000060002785050008003385200089003465210020004355210020004556000028004756100028005037000029005312960FISKH20250825134707.0240125b cb ||||| |||| 00| 0 eng d a9780545072298 aFISKHbengcFISKHdFISKH aLB1573.7 a551.552 aWaters, Kate aHurricanes and tornadoes cby Waters, Kate aFirst printing , September 2008  aNew York : bScholastic ,c2008 a32 unnumbered pages : bcolor illustrations ;c24 cm .  aN  aDifferent types of hurricanes and tornadoes, their histories, and effects on humans.8 a590 bLexile 8 aN bRaz-Plus  2hurricanesvnon-fiction 2tornadoes vnon-fiction aPeronio, Kay eDesigner